Města, která utvářela starověký svět /

Salvato in:
Dettagli Bibliografici
Altri autori: Norwich, John Julius (Redattore)
Natura: Libro
Lingua:ceco
Pubblicazione: Praha : Vyšehrad, 2016
Edizione:1. vydanie
Soggetti:
Tags: Aggiungi Tag
Nessun Tag, puoi essere il primo ad aggiungerne!!

MARC

LEADER 00000nam a22000003a 4500
001 0028773
003 SK-STU
005 20190325134532.3
007 ta
008 171211s ----xo-----e------000-0-----d
020 |a 978-80-7429-694-9 
040 |a STU  |b slo 
041 0 |a cze 
044 |a xr 
100 1 |a Norwich, John Julius  |4 edt 
245 1 0 |a Města, která utvářela starověký svět /  |c ed. John Julius Norwich 
250 |a 1. vydanie 
260 |a Praha :  |b Vyšehrad,  |c 2016 
300 |a 240 s. 
650 0 7 |a dejiny architektúry 
650 0 7 |a mesto staroveké 
650 0 7 |a architektúra svetová 
996 |b 284AU07143  |c A* 10373/U  |l AA2120  |s P  |a 0  |w 0028773_0001